000 00748nam a2200265Ia 4500
003 OSt
005 20221007110550.0
006 a|||||r|||| 00| 0
007 ta
008 221006b |||||||| |||| 00| 0 eng d
020 _a0803909187
024 _a21,353
037 _cTextual
040 _aLCO
_cLCO
_beng
041 _2eng
_aeng
082 _aY:45:5(Z), L7
100 _aCohn Alvin W.
_9707556
245 0 _aCriminal Justice Planning and Development
260 _aLondon
_bSage Publications U.K.
_c1977
300 _a134
500 _aSage Research Progress Series in Criminology, Volume- 4
650 _aCRIMINAL JUSTICE
_9695785
942 _hY:45:5(Z), L7
_cTEXL
999 _c1190916
_d1190916